000 005520000a22001930004500
003 LK-CoMWRAF
005 20240120144617.0
008 230817t ||||| |||| 00| 0 eng d
040 _aLK-CoMWRAF
_dLK-CoMWRAF
_eLK-CoMWRAF
041 _aeng
082 _a347.549
_bKHA
100 _aKhan, Gul Muhammad
245 _a Federal Shariat Court in Pakistan
260 _a[Lahore]:
_b [Federal Shariat Court],
_c[n.d.]
300 _a18 p.
650 _aIslamic courts- Pakistan
650 _aJustice, Administration of (Islamic law)- Pakistan
942 _cBK
999 _c259
_d259